000 01237cam a22001934a 4500
005 20250605164048.0
008 250528s ||||||||||||||||||||||||d
035 _a17176
020 _a916354172
040 _aGR-AtMCL
_bgre
_dGR-AtMCL
_eAACR2
245 1 _aThe Anti-Samuelson / Macroeconomics Volume Two: Basic Problems of the Capitalist Economy
260 _bUrizen Books,
_c1977
300 _a474
520 _aThis monumental critique analyzes Samuelson's arguments step-by-step and shows the degree to which they have led to disastrous misconceptions. Money, Banks and Credit, Central Banks and Fiscal Policy, Supply and Demand - An Empirical Approach, The Failure of Supply and Demand as Applied to Agriculture, Marginal-Utility Theory, Price Theory, Monopoly Theory, Marginal Productivity Theory, The Theory of Ground Rent, Wages, Interest, Theories of Profit, Imperialism and the World Market, The World Market and World Money: Theoretical and Historical Outline, World Trade Theories, The Development of Imperialist Trade Policy, Aspects of the World Market and International Currency Crises, Underdevelopment, Notes and References.
700 1 _aLinder Marc
_93330
942 _cBK
999 _c2611
_d2611